Enfrentando desafíos: estudios de casos para directores de escuelas

Guardat en:
Dades bibliogràfiques
Autor principal: Merseth, Katherine (autora)
Autor corporatiu: Ministerio de Educación (Autor)
Format: Llibre
Idioma:espanyol
Publicat: Santiago Ministerio de Educación de Chile 2015
Edició:1a. ed
Matèries:
Etiquetes: Afegir etiqueta
Sense etiquetes, Sigues el primer a etiquetar aquest registre!

MARC

LEADER 00000cam a2200000 a 4500
001 UCE6930
003 CL-VaPUC
008 150514e20150130cl |||||||||||||||||spa|d
020 |a 9789562924771 
082 0 4 |a 371.106  |b MER  |2 21 
100 |a Merseth, Katherine  |e autora  |9 579637 
110 2 |a Ministerio de Educación  |e author  |9 579638 
245 1 0 |a Enfrentando desafíos: estudios de casos para directores de escuelas 
250 |a 1a. ed 
300 |a 149 p 
942 |c BK 
945 |d 20150514 13:01:00  |a arojas 
260 |a Santiago  |b Ministerio de Educación de Chile  |c 2015 
500 |a Libro de casos sobre liderazgo en escuelas 
650 7 |a DIRECTORES DE ESCUELAS  |2 CL-VaPUC  |9 324577 
650 0 |a Liderazgo  |9 271835 
650 0 |a Calidad de la educación   |9 307271 
650 0 |a Estudio de casos   |9 257099 
651 7 |a CHILE  |2 CL-VaPUC  |9 579639 
583 |a last modification  |c 20150514 13:01:00  |k Rodrigo Vera 
999 |c 359101  |d 359099 
952 |0 0  |1 0  |3 erb  |4 0  |6 371_106000000000000_MER_2015  |7 0  |8 A  |9 468131  |a BIBEDU  |b BIBEDU  |i 5149355  |o 371.106 MER 2015  |p 5149355  |r 2019-11-23  |w 2019-11-23  |y BK  |z Catalogado en:20150514  |k BME